000
00343nam a2200157Ia 4500
003
OSt
005
20240217152631.0
008
170524s9999 xx 000 0 und d
020
_a
9780912365503
040
_c
IIMT
100
_a
Morgan-Lane
245
4
_a
The Good Food Guide
260
_b
Sasquatch books
260
_c
2003
942
_2
ddc
_c
02
999
_c
7312
_d
7312